000 00783nam a2200193Ia 4500
008 151121s9999||||xx |||||||||||||| ||und||
082 _a910/काणेक
082 _bHNW-26108
100 _aकाणेकर अनंत
245 _aगुलाबी प्रकाशांत बोलक्या लेखण्या
260 _b"सोमैय्या प्रकाशन, मुंबई।"
260 _c--
300 _a98
600 _aकाणेकर अनंत
630 _aगुलाबी प्रकाशांत बोलक्या लेखण्या
700 _aकाणेकर अनंत
730 _aगुलाबी प्रकाशांत बोलक्या लेखण्या
942 _cBOOK
999 _c1222887
_d1222884